000 01127naa a22002777a 4500
001 BR8002001
003 BR-BrBNA
005 20240918174543.0
007 ta
008 230509b bl.||||| |||| 00| 0 por d
040 _aBR-BrBNA
_bpor
_cBiblioteca Nacional de Agricultura
041 _a(Pt)
072 _aP12; E30
_b/G514
090 _aP12 BR8002001
100 1 _aAued, I.M.
111 1 _a2. Encontro Realidade Nordestina
_cCampina Grande, PB (Brazil)
_d19 Nov 1980
245 1 _aProjetos de irrigacao no Nordeste: fonte de riqueza e miseria [Brasil]
260 3 _aCampina Grande, PB (Brasil):
_c1980.
500 _aEncontro realidade nordestina. Relacao agricultura e industria e desenvolvimento economico do Nordeste Campina Grande, PB (Brasil): 1980. p. 24-40 (BR8002001-AM)P12
650 _aIrrigacao
650 _aProjeto de desenvolvimento
650 _aNordeste
773 0 _tEncontro realidade nordestina. Relacao agricultura e industria e desenvolvimento economico do Nordeste
_wP12 BR8002001
_gCampina Grande, PB (Brasil), 1980. p. 24-40
909 _a202404
_bLucia
_c55
_dLucia Elande
942 _cAM
_2AGRIS
999 _c311970
_d311970